Numéros 1 du Top 50 - Années 1990 - Statistiques

Statistiques générales
  • Ce quiz a été pris 97 fois
  • Le résultat moyen est 41 sur 74
Statistiques - réponses
#1's Interprète % Correct
3 Céline Dion
96%
2 Mylène Farmer
94%
2 Michael Jackson
92%
1 Alain Souchon
91%
1 Florent Pagny
88%
1 Nirvana
88%
1 Patrick Bruel
88%
1 Britney Spears
87%
1 IAM
87%
1 Khaled
87%
2 Manau
87%
1 Aqua
86%
1 Daniel Lavoie, Patrick Fiori et Garou
86%
2 Jordy
86%
1 The Cranberries
86%
1 George Michael et Elton John
84%
1 Les Inconnus
84%
1 Spice Girls
84%
2 Vincent Lagaf'
82%
1 Whitney Houston
82%
3 Elton John
79%
2 Scatman John
77%
1 Zebda
77%
1 Larusso
75%
1 Scorpions
75%
1 Coolio ft. L.V.
74%
1 David Hallyday
73%
1 Ophélie Winter
73%
1 Roch Voisine
73%
1 Andrea Bocelli et Hélène Ségara
71%
1 Will Smith
71%
2 Gala
70%
3 François Feldman
66%
1 Lou Bega
66%
1 Eiffel 65
65%
1 Cher
64%
1 Madonna
61%
1 Mecano
58%
1 Fugees
57%
1 Boris
56%
1 Los del Río
56%
2 Ricky Martin
56%
1 Bruce Springsteen
55%
1 Andrea Bocelli
53%
2 Bryan Adams
52%
2 Félix Gray et Didier Barbelivien
52%
1 Pow Wow
52%
1 Youssou N'Dour & Neneh Cherry
52%
1 Haddaway
51%
1 UB40
42%
1 Zouk Machine
42%
1 Jimmy Cliff
38%
1 2 Unlimited
36%
1 Wes
35%
1 Moos
32%
1 Regg'Lyss
31%
1 Freddie Mercury
30%
1 Robert Miles
27%
1 Ace of Base
23%
1 Carrapicho
21%
1 Snap!
19%
1 Les Vagabonds
18%
1 East 17
17%
1 Enigma
17%
1 Reel 2 Real
17%
1 Charles D. Lewis
16%
1 Ten Sharp
16%
1 Jean-Philippe Audin et Diego Modena
13%
1 Les G.O. Culture
12%
1 Babylon Zoo
10%
1 Mark Snow
9%
1 The Christians
9%
1 Dire Straits
5%
1 Sacred Spirit
4%
Aucun quiz correspondant
Distribution des résultats
% des personnes avec chaque résultat
Percentile par nombre de réponses
Votre historique - résultats
Vous n’avez pas pris ce quiz